Quiz sur l'Oise - Statistiques

Statistiques générales
  • Ce quiz a été pris 3 040 fois
  • Le résultat moyen est 11 sur 18
Statistiques - réponses
Question Réponse % Correct
Numéro du département 60
96%
Région dans laquelle il se situe depuis 2016 Hauts-de-France
96%
Région à laquelle il appartenait jusqu'alors Picardie
90%
Fleuve dont l'Oise est un affluent majeur Seine
90%
Préfecture et ville la plus peuplée Beauvais
87%
Commune de l'Oise qui a donné son nom à une crème fouettée Chantilly
83%
Plus long affluent de l'Oise et nom d'un département limitrophe Aisne
73%
Deuxième plus grande ville, surnommée « la Cité Impériale » Compiègne
73%
Personnage fictif mis à l'honneur par le parc à thème situé à Plailly Astérix
71%
Course cycliste surnommée « L'Enfer du Nord »qui commence chaque année dans cette ville Paris-Roubaix
60%
Deux autres sous-préfectures (nommez-en une) Clermont | Senlis
54%
Plus grand réformateur protestant français, né à Noyon Jean Calvin
35%
Isarien qui a brièvement été premier ministre entre 2016 et 2017 Bernard Cazeneuve
34%
Région naturelle qui a donné son nom à une dynastie de rois de France Pays de {Valois}
34%
Fondateur de la première entreprise mondiale de publicité urbainepar le chiffre d'affaire et inventeur de l'abribus (à Lyon en 1964) Jean-Claude {Decaux}
32%
Province dont l'Oise faisait historiquement partie Île-de-France
29%
Industrie historique de Creil, au centre d'une crise majeure quia fortement impacté le département dans les années 1970 Sidérurgie
22%
Couturier célèbre, élève spirituel de Balenciaga, dont le nomest désormais associé à une marque de luxe de LVMH Hubert de {Givenchy}
16%
Aucun quiz correspondant
Distribution des résultats
% des personnes avec chaque résultat
Percentile par nombre de réponses
Votre historique - résultats
Vous n’avez pas pris ce quiz